Handbook on Electric Vehicles Manufacturing/ (Record no. 203911)

MARC details
000 -LEADER
fixed length control field 00575nam a22001937a 4500
005 - DATE AND TIME OF LATEST TRANSACTION
control field 20240703153558.0
010 ## - LCCN (DPL NO)
LC control number ENG-140749
020 ## - INTERNATIONAL STANDARD BOOK NUMBER
Terms of availability 3695.00
International Standard Book Number 9788195676927
035 ## - SYSTEM CONTROL NUMBER
System control number EN-124281
037 ## - SOURCE OF ACQUISITION
Source of stock number/acquisition DBAD
082 ## - DEWEY DECIMAL CLASSIFICATION NUMBER
Classification number 338.476
Edition number 1
100 ## - MAIN ENTRY--PERSONAL NAME
Personal name Tripathi, P.K
245 ## - TITLE STATEMENT
Title Handbook on Electric Vehicles Manufacturing/
Statement of responsibility, etc By P.K Tripathi
250 ## - EDITION STATEMENT
Edition statement 1
260 ## - PUBLICATION, DISTRIBUTION, ETC. (IMPRINT)
Place of publication, distribution, etc Delhi
Name of publisher, distributor, etc NIIR Project Consultancy Services
Date of publication, distribution, etc 2022
270 ## - ADDRESS
City Delhi
Postal code 110007
Address 106 - A, Kamla Nagar
300 ## - PHYSICAL DESCRIPTION
Extent xvi,468p.
Dimensions 21cm(pbk)
Other physical details ill
942 ## - ADDED ENTRY ELEMENTS (KOHA)
Source of classification or shelving scheme Dewey Decimal Classification
Item type English Books
Classification part 338.476
Call number suffix TRI
Holdings
Withdrawn status Lost status Not for loan Collection code Home library Current library Date acquired Source of acquisition Cost, normal purchase price Full call number Barcode Copy number Cost, replacement price Koha item type
    Not For Loan Non-fiction D.B.Act.Division D.B.Act.Division 03/07/2024 DBAD 3695.00 338.476 TRI EN-124281 1 3695.00 English Books

© Delhi Public Library
Hit Counter
free hit counter